Hikmat Delima Merah

Bibliographic Details
Main Author: Roshana Binti Aziz
Format: Book
Published: Selangor : Flo Enterprise Sdn.Bhd. , c2003
Series:Siri Jenaka Teladan
Subjects:

MARC

LEADER 00000cam a2200000 7i4500
001 0000103304
005 20130708.0
008 100526 bm
020 |a 9679714578 
090 0 0 |a JF SIR 
100 1 |a Roshana Binti Aziz 
245 1 0 |a Hikmat Delima Merah   |c Roshana Binti Aziz 
260 |a Selangor :   |b Flo Enterprise Sdn.Bhd. ,   |c c2003 
300 |a 60p. :   |b ill. ;   |c 21cm. 
440 0 |a Siri Jenaka Teladan 
650 0 0 |a Malay Fiction 
999 |a 215802   |b Buku   |c Koleksi Pinjaman Kanak-Kanak   |e PK Melaka Mall